[Event "IRI-ch U12"]
[Site "Chess.com INT"]
[Date "2021.01.16"]
[Round "3"]
[White "Ghasemi, Ilia"]
[Black "Hoseinpour Kasgary, Abolfazl"]
[Result "0-1"]
[WhiteElo "1234"]
[BlackElo "1555"]
[PlyCount "74"]
[EventDate "2021.01.16"]
[EventType "swiss"]
[EventRounds "11"]
[EventCountry "IRI"]
[SourceTitle "EXT 2022"]
[Source "ChessBase"]
[SourceDate "2021.10.06"]
[SourceVersion "1"]
[SourceVersionDate "2021.10.06"]
[SourceQuality "1"]

1. e4 e6 2. d4 d5 3. Nc3 Nf6 4. Nf3 dxe4 5. Ne5 Nbd7 6. Nxd7 Bxd7 7. Be2 Be7 8. 0-0 0-0 9. d5 exd5 10. Nxd5 Nxd5 11. Qxd5 Bc6 12. Qh5 Qd5 13. Qh3 Bd6 14. c4 Qe5 15. Be3 Bd7 16. Qh4 f5 17. c5 Bxc5 18. Bc4+ Kh8 19. Bf4 Qe7 20. Qh3 Bd6 21. Bxd6 cxd6 22. Rad1 f4 23. Qa3 Rf6 24. Rde1 Bc6 25. Qh3 d5 26. Bd3 Qf7 27. Bc2 Rh6 28. Qb3 Qh5 29. h3 f3 30. Bd1 Rg6 31. g3 Qxh3 32. Bxf3 exf3 33. Qxf3 d4 34. Qxc6 bxc6 35. Re2 Rf8 36. Rd2 Rxg3+ 37. fxg3 Rxf1# 0-1

[Event "IRI-ch U12"]
[Site "Chess.com INT"]
[Date "2021.01.16"]
[Round "8"]
[White "Hoseinpour Kasgary, Abolfazl"]
[Black "Alaedin, Karen"]
[Result "1-0"]
[WhiteElo "1555"]
[BlackElo "1189"]
[PlyCount "83"]
[EventDate "2021.01.16"]
[EventType "swiss"]
[EventRounds "11"]
[EventCountry "IRI"]
[SourceTitle "EXT 2022"]
[Source "ChessBase"]
[SourceDate "2021.10.06"]
[SourceVersion "1"]
[SourceVersionDate "2021.10.06"]
[SourceQuality "1"]

1. e4 e5 2. Nf3 Nc6 3. Nc3 Nf6 4. d4 exd4 5. Nxd4 Bc5 6. Be3 Bxd4 7. Bxd4 0-0 8. Be2 d6 9. Qd2 Be6 10. 0-0-0 Qe7 11. f3 Rad8 12. g4 Nxd4 13. Qxd4 c5 14. Qd2 a6 15. h4 b5 16. h5 b4 17. Nd5 Nxd5 18. exd5 Bxd5 19. Qxd5 Qxe2 20. Rhe1 Qh2 21. Qe4 Qh4 22. Rd5 Qf6 23. Rd3 Qg5+ 24. Kb1 d5 25. Qe2 c4 26. Re3 h6 27. Re5 Qf4 28. Rf5 Qd6 29. g5 hxg5 30. Rxg5 Qf6 31. Reg1 Kh8 32. Qg2 Rg8 33. Qg4 Qh6 34. f4 f6 35. Rg6 Qh7 36. Qh4 Rde8 37. h6 Re7 38. f5 Rf7 39. Qd4 Rd7 40. Rh1 gxh6 41. Qxf6+ Rdg7 42. Rhxh6 1-0

[Event "IRI-ch U12"]
[Site "Chess.com INT"]
[Date "2021.01.16"]
[Round "4"]
[White "Hoseinpour Kasgary, Abolfazl"]
[Black "Kouchaki Chenani, Amirreza"]
[Result "1/2-1/2"]
[WhiteElo "1555"]
[BlackElo "1300"]
[PlyCount "131"]
[EventDate "2021.01.16"]
[EventType "swiss"]
[EventRounds "11"]
[EventCountry "IRI"]
[SourceTitle "EXT 2022"]
[Source "ChessBase"]
[SourceDate "2021.10.06"]
[SourceVersion "1"]
[SourceVersionDate "2021.10.06"]
[SourceQuality "1"]

1. e4 c5 2. Nf3 e6 3. c4 Nc6 4. Nc3 Nge7 5. Be2 g6 6. d4 cxd4 7. Nxd4 Bg7 8. Be3 0-0 9. 0-0 b6 10. Rc1 Bb7 11. Kh1 Re8 12. f3 d5 13. Nxc6 Bxc6 14. cxd5 exd5 15. exd5 Nxd5 16. Bd2 Qe7 17. Re1 Qb7 18. Bc4 Nxc3 19. Bxc3 Bxc3 20. Rxc3 Rxe1+ 21. Qxe1 Re8 22. Re3 Rxe3 23. Qxe3 Qd7 24. Qd3 Qxd3 25. Bxd3 Kf8 26. Kg1 Ke7 27. Kf2 Kd6 28. Ke3 f5 29. Kd4 a5 30. Bc4 f4 31. h4 h6 32. a3 g5 33. hxg5 hxg5 34. Bd3 g4 35. Be4 Bd7 36. Bb7 gxf3 37. gxf3 Bf5 38. Be4 Bd7 39. Bd3 Bc6 40. Be4 Bd7 41. Bb7 Bf5 42. b4 axb4 43. axb4 Bg6 44. Kc4 Be8 45. Kd4 Bg6 46. Ba6 Ke6 47. Bf1 Kd6 48. Bh3 Kc6 49. Kc4 Kd6 50. Bg4 Kc6 51. Kd4 Kd6 52. Bc8 Kc6 53. Ke5 Kb5 54. Kxf4 Kxb4 55. Be6 Kc3 56. Kg5 Be8 57. f4 b5 58. Kf6 b4 59. Ke7 Bh5 60. f5 b3 61. f6 b2 62. Bf5 Kd2 63. f7 Bxf7 64. Kxf7 Kc1 65. Ke7 b1Q 66. Bxb1 1/2-1/2